[Event "Wroclaw op-B 7th"]
[Site "Wroclaw"]
[Date "2012.07.10"]
[Round "9"]
[White "Chenska, Karolina"]
[Black "Zaporowski, Michal"]
[Result "1-0"]
[WhiteElo "1583"]
[BlackElo "1640"]
[PlyCount "81"]
[EventDate "2012.07.02"]
[EventType "swiss"]
[EventRounds "9"]
[EventCountry "POL"]
[SourceTitle "EXT 2013"]
[Source "ChessBase"]
[SourceDate "2012.11.22"]
[SourceVersion "1"]
[SourceVersionDate "2012.11.22"]
[SourceQuality "1"]

1. e4 c5 2. Nf3 Nc6 3. d4 cxd4 4. Nxd4 Nf6 5. Nc3 e6 6. Ndb5 d6 7. Bf4 e5 8. Bg5 a6 9. Na3 Be7 10. Bxf6 Bxf6 11. Nc4 Nd4 12. Nd5 b5 13. Ncb6 Rb8 14. Nxc8 Rxc8 15. c3 Nc6 16. Qf3 Na5 17. Rd1 Nc4 18. Bxc4 bxc4 19. Qe2 Bg5 20. Qc2 Qa5 21. Nb4 Be7 22. Rd5 Rc5 23. a3 0-0 24. 0-0 Rfc8 25. Rfd1 Qb5 26. Rxc5 Rxc5 27. Nd5 Bf8 28. g3 a5 29. Rd2 f5 30. f3 f4 31. gxf4 exf4 32. Nxf4 Rg5+ 33. Rg2 Kf7 34. Nd5 Rh5 35. Qf2 Qb7 36. Qe3 Qd7 37. Qf4+ Ke8 38. Qg4 Qxg4 39. Rxg4 Rh6 40. Rg5 Kf7 41. Nb6 1-0

[Event "Wroclaw op-B 7th"]
[Site "Wroclaw"]
[Date "2012.07.04"]
[Round "3"]
[White "Zaporowski, Michal"]
[Black "Andrzejewska, Anna"]
[Result "0-1"]
[WhiteElo "1640"]
[BlackElo "1980"]
[PlyCount "66"]
[EventDate "2012.07.02"]
[EventType "swiss"]
[EventRounds "9"]
[EventCountry "POL"]
[SourceTitle "EXT 2013"]
[Source "ChessBase"]
[SourceDate "2012.11.22"]
[SourceVersion "1"]
[SourceVersionDate "2012.11.22"]
[SourceQuality "1"]

1. b3 e5 2. Bb2 Nc6 3. e3 g6 4. Nf3 Bg7 5. Bb5 Nge7 6. d4 e4 7. Nfd2 d5 8. Bxc6+ bxc6 9. 0-0 0-0 10. c4 f5 11. g3 g5 12. Qh5 Ng6 13. f4 exf3 14. Nxf3 Bf6 15. Nc3 Be6 16. Nd2 Qe7 17. Qf3 Rad8 18. Rae1 Rfe8 19. g4 f4 20. Ncb1 Qd7 21. exf4 Bxg4 22. Qg2 Bh3 23. Qg3 Bxf1 24. Rxf1 dxc4 25. fxg5 Bxd4+ 26. Bxd4 Qxd4+ 27. Kh1 c3 28. Nf3 Qd3 29. Qf2 c2 30. Nbd2 Re2 31. Qc5 Rxd2 32. Nxd2 Qxd2 33. Qc4+ Qd5+ 0-1

[Event "Chojnice op-B 6th"]
[Site "Chojnice"]
[Date "2010.07.13"]
[Round "6.18"]
[White "Zaporowski, Michal"]
[Black "Nowosad, Jan"]
[Result "1/2-1/2"]
[WhiteElo "1638"]
[BlackElo "1620"]
[PlyCount "29"]
[EventDate "2010.07.08"]
[EventType "swiss"]
[EventRounds "9"]
[EventCountry "POL"]
[SourceTitle "EXT 2023"]
[Source "ChessBase"]
[SourceDate "2022.10.05"]
[SourceVersion "1"]
[SourceVersionDate "2022.10.05"]
[SourceQuality "1"]

1. e4 c5 2. Nc3 Nc6 3. g3 g6 4. Bg2 Bg7 5. Nge2 e6 6. d3 Nge7 7. Be3 Nd4 8. Qd2 0-0 9. 0-0 Rb8 10. a4 d6 11. f4 f5 12. h3 e5 13. exf5 Nexf5 14. Bxd4 exd4 15. Nd5 1/2-1/2